Quizzes
Events
Quiz Creation
Community
Videos
Private Events
Remove Ads
Sign In
Join for FREE
Feedback
Dark Mode
Quiz Categories
Sports
Geography
Music
Movies
Television
Just For Fun
Miscellaneous
History
Literature
Language
Science
Gaming
Entertainment
Religion
Holiday
For Kids
Quiz Lab
Recent
Popular Today
Quiz Kudos Today
Editor Picks
Curator Picks
Quizzes by...
Day
Popularity
Type
Ratings
Length
Year
Community
Subscriptions
Recent Discussions
Orange Saloon
Badges
Playlists
Quests
Create
Leaderboards
Showdown
Live 5
Trivia Bingo
Activity
Puzzle Library
Sporcle Events
Private Events
Virtual Trivia
Globe League
Become a Host
Pub Owners
SporcleCon
Opinionation
Our Games
Videos
Blog
Mobile Apps
Partnerships
Remove Ads and Go Orange
Feedback
Sports
Athletes
MLB
NBA
NHL
NFL
Soccer
Sports Teams
WWE
NCAA
Football
Premier League
Basketball
Baseball
Hockey
Golf
Tennis
Cricket
Rugby
Auto Racing
Olympics
World Cup
Sports
Athletes
MLB
NBA
NHL
NFL
Soccer
Sports Teams
WWE
NCAA
Football
Premier League
Basketball
Baseball
Hockey
Golf
Tennis
Cricket
Rugby
Auto Racing
Olympics
World Cup
Random Quiz
Search Sporcle
×
Quiz Lab
Quiz Lab
Sports
Type in answers that appear in a list
Type in answers that appear in a list
Classic
Best Score? Go Orange.
Tigers Opening Day Lineups Stats
Can you name the Tigers Opening Day Lineups?
By
bigE123
15m
200 Questions
90 Plays
90 Plays
90 Plays
Comments
Comments
Give Quiz Kudos
Give Quiz Kudos
-
- Ratings
hide this ad
Replay
Link that replays current quiz
Next Quiz
Link to next quiz in quiz playlist
You Got
0%
They Got
Avg Score
30%
Avg Friend Score
Upgrade to see
Score Distribution
Jump to the score distribution portion of the page
Score
0/200
Timer
15:00
0
Plays Today
Year
Player
% Correct
Alan Trammell
93.3%
Bobby Higginson
92.2%
Lou Whitaker
90%
Lou Whitaker
88.9%
1998
Brian Hunter
87.8%
Bobby Higginson
86.7%
Bobby Higginson
85.6%
Brian Hunter
85.6%
Deivi Cruz
83.3%
Damion Easley
83.3%
Damion Easley
83.3%
Deivi Cruz
83.3%
2000
Luis Polonia
82.2%
Travis Fryman
82.2%
Tony Clark
82.2%
1999
Juan Encarnacion
81.1%
Dean Palmer
81.1%
Bip Roberts
80%
Brian Johnson
78.9%
Billy Ripken
78.9%
Lloyd Moseby
77.8%
John Flaherty
77.8%
Cecil Fielder
76.7%
Damion Easley
76.7%
Bobby Higginson
75.6%
Brad Ausmus
75.6%
Melvin Nieves
74.4%
Mickey Tettleton
73.3%
Joe Oliver
73.3%
Scott Fletcher
72.2%
Tony Clark
72.2%
Tony Clark
72.2%
Tony Clark
72.2%
1997
Brian Hunter
68.9%
John Flaherty
67.8%
Eddie Williams
66.7%
Brian Moehler
64.4%
Damion Easley
64.4%
Hideo Nomo
64.4%
1995
Chad Curtis
63.3%
Juan Samuel
62.2%
Melvin Lieves
62.2%
Brad Ausmus
61.1%
Bobby Higginson
57.8%
Juan Encarnacion
56.7%
Gregg Jefferies
55.6%
1996
Chad Curtis
53.3%
Mickey Tettleton
53.3%
Dean Palmer
52.2%
Justin Thompson
47.8%
Rob Deer
46.7%
1993
Tony Phillips
45.6%
Alan Trammell
45.6%
Milt Cuyler
44.4%
Junior Felix
44.4%
Alan Trammell
43.3%
Mickey Tettleton
41.1%
Alan Trammell
41.1%
Juan Gonzalez
41.1%
Travis Fryman
38.9%
Cecil Fielder
37.8%
Cecil Fielder
37.8%
Doug Brocail
36.7%
Cecil Fielder
35.6%
Travis Fryman
34.4%
Mike Moore
34.4%
Mike Moore
34.4%
Year
Player
% Correct
Mark Lewis
32.2%
Joe Randa
32.2%
Luis Gonzalez
32.2%
1994
Tony Phillips
31.1%
Mike Moore
31.1%
Eric Davis
31.1%
Chris Gomez
31.1%
Felipe Lira
31.1%
Mickey Tettleton
27.8%
Alan Trammell
26.7%
Rudy Pemberton
25.6%
Bill Gullickson
24.4%
Cecil Fielder
24.4%
Lou Whitaker
23.3%
Kirk Gibson
22.2%
Deivi Cruz
21.1%
Lou Whitaker
20%
Travis Fryman
20%
1991
Tony Phillips
18.9%
Travis Fryman
18.9%
Cecil Fielder
18.9%
Rob Deer
17.8%
Miguel Cabrera
17.8%
Miguel Cabrera
17.8%
Miguel Cabrera
17.8%
Ivan Rodriguez
16.7%
Ivan Rodriguez
16.7%
Ivan Rodriguez
16.7%
Justin Verlander
16.7%
Ivan Rodriguez
16.7%
Ivan Rodriguez
16.7%
Justin Verlander
16.7%
Justin Verlander
16.7%
Milt Cuyler
15.6%
Rob Deer
15.6%
2006
Curtis Granderson
15.6%
2007
Curtis Granderson
15.6%
Brandon Inge
15.6%
Placido Polanco
15.6%
Magglio Ordonez
15.6%
Carlos Guillen
15.6%
Brandon Inge
15.6%
Placido Polanco
15.6%
Magglio Ordonez
15.6%
Carlos Guillen
15.6%
Brandon Inge
15.6%
Placido Polanco
15.6%
Magglio Ordonez
15.6%
Carlos Guillen
15.6%
Brandon Inge
15.6%
Magglio Ordonez
15.6%
Carlos Guillen
15.6%
Carlos Guillen
15.6%
Brandon Inge
15.6%
Brandon Inge
15.6%
Magglio Ordonez
15.6%
2010
Austin Jackson
15.6%
Brandon Inge
15.6%
Carlos Guillen
15.6%
Magglio Ordonez
15.6%
Placido Polanco
15.6%
Carlos Guillen
15.6%
Brandon Inge
15.6%
2009
Curtis Granderson
15.6%
1992
Dan Gladden
14.4%
Travis Fryman
14.4%
Danny Bautista
14.4%
Year
Player
% Correct
Jeremy Bonderman
14.4%
Jacque Jones
14.4%
Jeremy Bonderman
14.4%
Tony Phillips
13.3%
Kirk Gibson
13.3%
2002
Bobby Higginson
13.3%
Bobby Higginson
13.3%
Dmitri Young
13.3%
Dmitri Young
13.3%
Dmitri Young
13.3%
Bobby Higginson
13.3%
Dmitri Young
13.3%
Bobby Higginson
13.3%
Dmitri Young
13.3%
Gerald Laird
13.3%
Gerald Laird
13.3%
Kenny Rogers
12.2%
Gary Sheffield
12.2%
Sean Casey
12.2%
Gary Sheffield
12.2%
Adam Everett
12.2%
Adam Everett
12.2%
Travis Fryman
11.1%
Jason Johnson
11.1%
Craig Monroe
10%
Craig Monroe
10%
Craig Monroe
10%
Milt Cuyler
8.9%
Tony Clark
8.9%
Rondell White
8.9%
Rondell White
8.9%
Johnny Damon
8.9%
Frank Tanana
7.8%
2008
Edgar Renteria
7.8%
2005
Omar Infante
7.8%
Carlos Pena
7.8%
Ramon Santiago
7.8%
Carlos Pena
7.8%
Mike Maroth
7.8%
Omar Infante
7.8%
Carlos Pena
7.8%
Dean Palmer
7.8%
Scott Sizemore
7.8%
2004
Alex Sanchez
6.7%
Deivi Cruz
5.6%
Jeff Weaver
5.6%
Jacob Cruz
5.6%
Jeff Weaver
5.6%
Chris Shelton
5.6%
Josh Anderson
5.6%
Scott Livingstone
4.4%
Damion Easley
4.4%
Damion Easley
4.4%
Fernando Vina
4.4%
Robert Fick
3.3%
2001
Roger Cedeno
2.2%
Shane Halter
2.2%
Shane Halter
2.2%
Craig Paquette
2.2%
Mike Rivera
2.2%
Eric Munson
2.2%
Eric Munson
2.2%
2003
Gene Kingsale
2.2%
Billy McMillon
1.1%
Juan Encarnacion
1.1%
Jose Macias
0%
Quiz Playlist
Details
Report
Send in Message
Add To Playlist
Classic:
Type in answers that appear in a list
Last Updated: Feb 16, 2017
Quiz Scoreboard
CHALLENGE
Sign Up to Join the Scoreboard
Show All
Scores
Hide
Comments
May contain spoilers
Recently Published
Movies - When Are They Set?
by FPL_Elf
Movies
5m
Popular People in 1961
by mucciniale
History
6m
1-10 Letter E Words III
by El_Dandy
Language
2m
More to Explore
Quiz From the Vault
Featured Blog Post
Where Did the Easter Bunny Come From?
hide this ad
You Might Also Like...
Tags
This quiz does not have any tags.
Today's Top Quizzes in Sports
Browse Sports
hide this ad
Top Contributed Quizzes in Sports
1
Les meilleurs buteurs des matchs entre le PSG et l’OM
2
FIFA Club World Cup Champions
3
Les entraîneurs de l'OM et du PSG au 21e siècle
4
2022 World Cup Stars
5
Name the Premier League winners with different clubs
6
La finale Lions - Afrique du Sud 2021
7
Criteria MLB: Left Handed Sluggers
8
Les joueurs passés par le LOSC et le RC Lens
9
Players with Multiple 50 Home Run Seasons
10
MLB Players with Two .350 Batting Average Seasons
Explore More
Trending Topics
Disney
Marvel
Anime
Harry Potter
NBA
Kpop
Crossword
Country
Pokémon
Puzzle
Soccer
NFL
Song
WWE
The Office
hide this ad
More By:
bigE123
Quiz
Plays
Rating
Category
Featured
Created
NBA 6th Men of the Year Winners (2000s)
288
4.50
Sports
Aug 31, 2010
Pitchers to Beat Every ML Team
167
5.00
Sports
Aug 27, 2010
Tigers Opening Day Lineups
90
3.00
Sports
Aug 26, 2010
Go to Creator's Profile
Score Distribution
Quiz Creator Spotlight
bigE123
Follow
Send a Message
Quizzes Created
-
Created Quiz Play Count
-
More By This Creator
Popular Quizzes Today
1
Find the Countries of Europe - No Outlines Minefield
2
Find the US States - No Outlines Minefield
3
The Countries of the World
4
Popular People in 1961
5
1-10 Letter E Words III
6
US States
7
Find the US States
8
One Thing in Common: World Cities II
More Sports Quizzes
Netherlands Best XI by FIFA 21
Quiz Lab
Trending Quizzes
Risky Map Clicking: Least Populous States A-Z
Humor Books: The Subtitles
1-10 Letter F Words
1-10 Letter G Words
One Thing in Common: United Kingdom
Recently Updated
Leaping Animals
pecheneg
Reality TV Shows (A-Z)
bhenderson79
Rickey Henderson's Hall of Fame Teammates
pecheneg
Champions League XIs: Arsenal
pecheneg
Quick Pick: Celebrities in WWE's Hall of Fame
aduchscher
A-Z Keypad Blitz II
pecheneg
Multiple Oscar Actors
pecheneg
Mystery Phrase Blitz: Oscar 'Best Actors'
pecheneg
F. Scott Fitzgerald Novels
LTH
Pick 3 Villains
ddd62291
Trending Topics
Harry Potter
NBA
Crossword
Marvel
Kpop
Disney
Anime
Puzzle
Country
The Office
Soccer
Song
WWE
Pokémon
NFL
Your Account Isn't Verified!
In order to create a playlist on Sporcle, you need to verify the email address you used during registration. Go to your
Sporcle Settings
to finish the process.
Report this User
Report this user for behavior that violates our
Community Guidelines
.
Details:
Send Report
Go to the Sporcle.com Mobile Site →
Comments